<?xml version="1.0" encoding="UTF-8"?>
<record
    xmlns:xsi="http://www.w3.org/2001/XMLSchema-instance"
    xsi:schemaLocation="http://www.loc.gov/MARC21/slim http://www.loc.gov/standards/marcxml/schema/MARC21slim.xsd"
    xmlns="http://www.loc.gov/MARC21/slim">

  <leader>01977nas a2200277Ia 4500</leader>
  <controlfield tag="001">R050-S0945</controlfield>
  <controlfield tag="003">IT-CnALBA</controlfield>
  <controlfield tag="008">170116c99999999xx ||||||||||||   ||und||</controlfield>
  <datafield tag="040" ind1=" " ind2=" ">
    <subfield code="a">IT-CnALBA</subfield>
    <subfield code="c">IT-CnALBA</subfield>
  </datafield>
  <datafield tag="041" ind1=" " ind2=" ">
    <subfield code="a">ITALIANO</subfield>
  </datafield>
  <datafield tag="100" ind1=" " ind2=" ">
    <subfield code="a">PAST&#xC8; ROMUALDO, CAN. MONS.</subfield>
  </datafield>
  <datafield tag="210" ind1=" " ind2=" ">
    <subfield code="a">LA SCUOLA CATTOLICA</subfield>
  </datafield>
  <datafield tag="222" ind1=" " ind2=" ">
    <subfield code="a">LA SCUOLA CATTOLICA</subfield>
  </datafield>
  <datafield tag="245" ind1=" " ind2="0">
    <subfield code="a">LA SCUOLA CATTOLICA. GENNAIO APRILE 1914. VOL. I. A CURA DELLA FACOLT&#xC0; TEOLOGICA MILANO. </subfield>
  </datafield>
  <datafield tag="250" ind1=" " ind2=" ">
    <subfield code="a">1a ed.</subfield>
  </datafield>
  <datafield tag="260" ind1=" " ind2=" ">
    <subfield code="a"> MONZA</subfield>
    <subfield code="b">ARTIGIANELLI SCUOLA TIPOGR. </subfield>
    <subfield code="c">1914 [1&#xB0; Ed.:1914 - Ed.Ling.Originale: 1914]</subfield>
  </datafield>
  <datafield tag="300" ind1=" " ind2=" ">
    <subfield code="a">584 p. </subfield>
  </datafield>
  <datafield tag="310" ind1=" " ind2=" ">
    <subfield code="a">MENSILE</subfield>
  </datafield>
  <datafield tag="362" ind1=" " ind2=" ">
    <subfield code="a">Fascicolo: 1-4 / Anno: 42 (1914)</subfield>
  </datafield>
  <datafield tag="500" ind1=" " ind2=" ">
    <subfield code="a">SETTIMANA SOCIALE MILANO, ULTIMA CRISI BIBLICA, CELLINI A. VESCOVI E PRESBITERI NELLA CHIESA PRIMITIVA. GLI ATTI DEGLI APOSTOLI SECONDO LA COMMISSIONE BIBLICA GIUGNO 1913. LA POESIA DEL SIGNOR BONAVENTURA JALLONGHI E. UMANISTA G. V. PINELLI STUDIATO NELLA BIBLIOTECA AMBROSIANA MILANO, RIVOLTA A. QUESTIONI BIBLICHE FILOSOFICHE COSTANTINIANE. APPUNTI BIBLIOGRAFICI. ALTRE PUBBLICAZIONI. DOCUMENTI NOTE DISCUSSIONI. IL SANTO PADRE E I CENTENARI DI OZANAN F. E L. VEUILLOT. TEOLOGIA PRATICA. NECROLOGIO. RAMPOLLA CARDINALE. ANTONIO PAVISSICH SJ. </subfield>
  </datafield>
  <datafield tag="501" ind1=" " ind2=" ">
    <subfield code="a">Societ&#xE0; San Paolo EM - Piazza San Paolo, 14 - 12051 ALBA (CN)  (non commercial uses only) &#xAE; Copyright 2017</subfield>
  </datafield>
  <datafield tag="520" ind1=" " ind2=" ">
    <subfield code="a">SETTIMANA SOCIALE MILANO, ULTIMA CRISI BIBLICA, CELLINI A. VESCOVI E PRESBITERI NELLA CHIESA PRIMITIVA. GLI ATTI DEGLI APOSTOLI SECONDO LA COMMISSIONE BIBLICA GIUGNO 1913. LA POESIA DEL SIGNOR BONAVENTURA JALLONGHI E. UMANISTA G. V. PINELLI STUDIATO NELLA BIBLIOTECA AMBROSIANA MILANO, RIVOLTA A. QUESTIONI BIBLICHE FILOSOFICHE COSTANTINIANE. APPUNTI BIBLIOGRAFICI. ALTRE PUBBLICAZIONI. DOCUMENTI NOTE DISCUSSIONI. IL SANTO PADRE E I CENTENARI DI OZANAN F. E L. VEUILLOT. TEOLOGIA PRATICA. NECROLOGIO. RAMPOLLA CARDINALE. ANTONIO PAVISSICH SJ. </subfield>
  </datafield>
  <datafield tag="650" ind1=" " ind2=" ">
    <subfield code="a">SCIENZE RELIGIOSE</subfield>
  </datafield>
  <datafield tag="942" ind1=" " ind2=" ">
    <subfield code="c">CR</subfield>
  </datafield>
  <datafield tag="957" ind1=" " ind2=" ">
    <subfield code="7">1</subfield>
  </datafield>
  <datafield tag="999" ind1=" " ind2=" ">
    <subfield code="a">62511</subfield>
    <subfield code="b">SI </subfield>
    <subfield code="g">1</subfield>
    <subfield code="c">329537</subfield>
    <subfield code="d">329537</subfield>
  </datafield>
  <datafield tag="952" ind1=" " ind2=" ">
    <subfield code="0">0</subfield>
    <subfield code="1">0</subfield>
    <subfield code="4">0</subfield>
    <subfield code="6">R_050S0945</subfield>
    <subfield code="7">1</subfield>
    <subfield code="a">ALBA</subfield>
    <subfield code="b">ALBA</subfield>
    <subfield code="d">2017-01-16</subfield>
    <subfield code="l">0</subfield>
    <subfield code="o">R050-S0945</subfield>
    <subfield code="r">2017-01-16 00:00:00</subfield>
    <subfield code="w">2017-01-16</subfield>
    <subfield code="y">CR</subfield>
    <subfield code="z">(data import: 16 gennaio 2017) - By Epidotti, Vaglietti. </subfield>
  </datafield>
</record>
